000 00750nam a2200289Ia 4500
001 48102
003 IT-RoPAU
008 130308s9999 xx 000 0 und d
040 _aIT-RoPAU
040 _cIT-RoPAU
041 _aITALIANO
100 _aCaleca Antonino
100 _gCodice Aut. SPICS: 18537
245 _aMiniatura (La)
245 _bStoria della Pittura-01-Dal Iv All'Xi Secolo
250 _a1a ed.
260 _aNOVARA
260 _bDe Agostini
260 _c1983 [1° Ed.:1983 - Ed.Ling.Originale:1983]
300 _a"14 p. (prefazione: no ; testo: 14 [pagine: 154-167])"
650 _aENCICLOPEDIE DI PITTURA
650 _eCodice materia Spics: 5201
942 _cBK
957 _71
999 _c47863
_d47863
999 _bSI
999 _g1